Accounting : The basis for business decisions

שמור ב:
מידע ביבליוגרפי
מחבר ראשי: Meigs, Walter B.
פורמט: ספר
שפה:Undetermined
יצא לאור: Singapore MacGraw- Hill Book 1987
נושאים:
תגים: הוספת תג
אין תגיות, היה/י הראשונ/ה לתייג את הרשומה!
Thư viện lưu trữ: Trung tâm Học liệu Trường Đại học Cần Thơ
LEADER 00507nam a2200193Ia 4500
001 CTU_77507
008 210402s9999 xx 000 0 und d
082 |a 657 
082 |b M512 
100 |a Meigs, Walter B. 
245 0 |a Accounting : 
245 4 |b The basis for business decisions 
245 0 |c Walter B. Meigs 
260 |a Singapore 
260 |b MacGraw- Hill Book 
260 |c 1987 
650 |a Accounting 
904 |i Trọng Hải 
980 |a Trung tâm Học liệu Trường Đại học Cần Thơ